Portugal-Quiz - Statistiken

Allgemein
  • Dieses Quiz wurde 9.300 mal gespielt
  • Das Durchschnittsergebnis liegt bei 9 aus 20
Antwortstatistiken
Frage Antwort % Korrekt
Hauptstadt Lissabon
99%
Einziges Nachbarland Spanien
95%
Fünffacher Fußballer des Jahres Cristiano Ronaldo
91%
Zweitgrößte Stadt Porto
87%
Halbinsel auf der sich Portugal befindet Iberische Halbinsel
69%
Atlantische Inselgruppen Madeira
59%
Atlantische Inselgruppen Azoren
50%
Land, das 1500 erobert wurde Brasilien
47%
Portugal produziert weltweit 50% dieses Materials, das zur Herstellung von Weinzapfen verwendet wird Kork
45%
Meistverbreiterer Männername und portugiesische Form von "Johannes" João
44%
Seefahrer, der die erste Weltumseglung startete Ferdinand Magellan
38%
Entdecker der nach Indien segelte Vasco da Gama
36%
Kolonie, die 1999 an China verloren wurde Macau
32%
Südlichste Region Algarve
29%
Seit 1373 mit Portugal verbündetes Land England
24%
Muslimische Gruppe die einst über Portugal herrschte Mauren
24%
Bekannte Hunderasse Portuguesischer {Wasser}hund
16%
Kolonie, die 1961 an Indien verloren wurde Goa
14%
Ehemalige Währung Escudo
13%
Fluss und Weinregion Duero
11%
Keine übereinstimmenden Quizze gefunden
Verteilung der Resultate
Anzahl Personen mit jedem Resultat
Perzentil nach korrekt beantworteten Fragen
Ihre Resultats-Entwicklung
Sie haben dieses Quiz noch nicht gespielt